Používanie elektronických registračných pokladníc v praxi

Povinnosť používania elektronickej registračnej pokladnice (ERP). Používanie ERP v prípadoch, že viacerí daňovníci vykonávajú podnikateľskú činnosť spoločne v združení. Čo sa rozumie úhradou v hotovosti. Akú ERP môže daňovník používať. Kniha pokladnice. Doklad vyhotovený ERP. Postup pri poruche a vý...

Descrizione completa

Salvato in:
Dettagli Bibliografici
Autore principale: Boráková, Marta
Natura: Capitolo di libro
Lingua:slovacco
Soggetti:
Tags: Aggiungi Tag
Nessun Tag, puoi essere il primo ad aggiungerne!!

MARC

LEADER 00000naa a2200000 4500
001 r044655
005 20230919093601.0
041 0 |a slo 
044 |a SK 
245 1 0 |a Používanie elektronických registračných pokladníc v praxi  |c Marta Boráková 
520 |a Povinnosť používania elektronickej registračnej pokladnice (ERP). Používanie ERP v prípadoch, že viacerí daňovníci vykonávajú podnikateľskú činnosť spoločne v združení. Čo sa rozumie úhradou v hotovosti. Akú ERP môže daňovník používať. Kniha pokladnice. Doklad vyhotovený ERP. Postup pri poruche a výmene ERP. Pokuty za nesplnenie povinností vyplývajúcich z vyhlášky č. 55/1994 Z.z. o spôsobe vedenia evidencie tržieb v znení neskorších predpisov. 
610 2 0 |a pokladnice registračné 
610 2 0 |a úpravy právne 
610 2 0 |a vyhlášky 
610 2 0 |a tržby 
610 2 0 |a evidencia 
610 2 0 |a daňovníci 
610 2 0 |a doklady daňové 
610 2 0 |a podnikatelia 
610 2 0 |a knihy účtovné 
610 2 0 |a pokladnica 
100 1 |a Boráková, Marta